000 00776nam a2200265Ia 4500
003 OSt
005 20220925204058.0
006 a|||||r|||| 00| 0
007 ta
008 220923b |||||||| |||| 00| 0 eng d
037 _cGeneral Book
040 _aRTL
_cRTL
_beng
041 _2eng
_aeng
082 _aX:54.1,dN46:(Z), J9;L0/UN
110 _aGeneral Agreement on Tariffs and Trade
_9126122
245 0 _aAnalytical index
_b Notes on the drafting
250 _a3rd
260 _aGeneva
_bGATT
_c1970
300 _a193p.
_ccm.
650 _a Economics
650 _aInternational Trade
700 _aGeneral Agreement on Tariffs and Trade
_9126123
942 _hX:54.1,dN46:(Z), J9;L0/UN
_cGB
_2CC
999 _c548476
_d548476